Unity 5.x game AI programming cookbook.

Step-by-step practical tutorialAre you are a programmer with basic knowledge of Unity3D who would like to add AI features to your game? Are you looking for a reference on implementing AI in Unity3D with simple to follow instructions, and lots of sample code and projects? Then this book is for you. Y...

Бүрэн тодорхойлолт

-д хадгалсан:
Номзүйн дэлгэрэнгүй
Үндсэн зохиолч: Palacios, Jorge (Зохиогч)
Формат: Ном
Хэл сонгох:англи
Хэвлэсэн: Birmingham, UK : Packt Pub., 2016.
Нөхцлүүд:
Шошгууд: Шошго нэмэх
Шошго байхгүй, Энэхүү баримтыг шошголох эхний хүн болох!

MARC

LEADER 00000nam a22000007a 4500
001 9917798274904201
003 CL-VaPUC
005 20250321101940.0
008 250131t2016 ||||| |||| 00| 0 eng d
999 |c 446982  |d 446980 
020 |a 978-1-78355-357-0 
040 |c Pontificia Universidad Católica de Valparaíso  |d MiAaPQ 
041 |a eng 
050 4 |a QA76.76.C672  |b K93 2013 
082 0 0 |a 006.675 PAL 2016 
100 |a Palacios, Jorge  |e author  |9 896094 
245 1 0 |a Unity 5.x game AI programming cookbook.  |c Build and customize a wide range of powerful Unity AI systems with over 70 hands-on recipes and techniques.  
260 |a Birmingham, UK :  |b Packt Pub.,  |c 2016. 
300 |a 261 páginas.  
500 |a c.1.-c.2. Instituto Arcos. 8-1-2025. 
520 |a Step-by-step practical tutorialAre you are a programmer with basic knowledge of Unity3D who would like to add AI features to your game? Are you looking for a reference on implementing AI in Unity3D with simple to follow instructions, and lots of sample code and projects? Then this book is for you. You should have some background in C# language as this book will use C# for scripting. However if you know any other language you should be able to follow this book fairly easily. 
546 |a English 
583 |c 20250131  |k GC 
650 0 |a Videojuegos  |x Programación  |9 895386 
650 0 |a Inteligencia artificial   |9 300376 
942 |2 ddc  |c BK  |n 0 
952 |0 0  |1 0  |2 ddc  |4 0  |6 006_675000000000000_PAL_2016  |7 0  |8 A  |9 600303  |a BIBINC  |b BIBINC  |d 2025-01-31  |e Instituto Arcos   |i 5665103  |o 006.675 PAL 2016  |p 5665103  |r 2025-01-31  |t 1  |w 2025-01-31  |y BK  |k IFP 
952 |0 0  |1 0  |2 ddc  |4 0  |6 006_675000000000000_PAL_2016  |7 0  |8 A  |9 600571  |a BIBINC  |b BIBINC  |e Instituto Arcos   |i 5665519  |o 006.675 PAL 2016  |p 5665519  |r 2025-03-05  |t 2  |w 2025-01-31  |y BK  |k IFP